Bioreaction engineering principles

Сохранить в:
Библиографические подробности
Главный автор:  Villadsen, John
Формат: Sách
Язык:Undetermined
Опубликовано:  Springer  2011
Предметы:
Метки: Добавить метку
Нет меток, Требуется 1-ая метка записи!
Thư viện lưu trữ: Trung tâm Thư viện - Trường Đại học Công nghiệp TP. Hồ Chí Minh
LEADER 00491nam a2200157Ia 4500
001 UIH_06411
008 231011s9999 xx 000 0 und d
082 |a  660.6 
100 |a  Villadsen, John 
245 0 |a  Bioreaction engineering principles 
245 0 |c  Villadsen, John 
260 |b  Springer 
260 |c  2011 
650 |a  Bioreactors; Phản ứng sinh học;  
927 |a Sách 
980 |a Trung tâm Thư viện - Trường Đại học Công nghiệp TP. Hồ Chí Minh